| 000 | 00462nam a2200181Ia 4500 | ||
|---|---|---|---|
| 005 | 20240813014834.0 | ||
| 008 | 240331s9999 xx 000 0 und d | ||
| 020 | _a9558610011 | ||
| 082 |
_bJAY _a407 |
||
| 100 | _aJayaweera,S. Sanmugam,T | ||
| 245 | 0 | _aGraduate Employment in Sri Lanka in the 1990s | |
| 260 |
_aColombo _bCentre for Women's Research _c2002 |
||
| 300 | _a124 p ., | ||
| 650 | _aGender | ||
| 650 | _aSocial | ||
| 650 | _aEconomic | ||
| 942 | _cL | ||
| 999 |
_c3022 _d3022 |
||